000 003930000a22001690004500
003 LK-CoMWRAF
008 230817t ||||| |||| 00| 0 eng d
040 _aLK-CoMWRAF
_dLK-CoMWRAF
_eLK-CoMWRAF
041 _aeng
082 _a022
_bSOM
100 _aSomakandhan,Padma
245 _aVerlvi Malarkal
_b
260 _aColombo
_bKumaran
_c2001
300 _ap.153
650 _aTamil
942 _cBK
999 _c506
_d506